000 00721nam a2200265Ia 4500
005 20260121114431.0
008 008 260114s9999 xx 000 0 eng d
020 _a9789354640926
037 _aEBOOK
040 _aCRL
040 _beng
040 _cCRL
041 _2eng
041 _aeng
084 _qCRL
100 _aSavitz
_9974989
245 0 _aTalent, Transformation and the Triple Bottom Line: How Companies Can Leverage Human Resources to Achieve Sustainable Growth
260 _bWiley
260 _c2021
650 _aHuman Resource Management
_9974990
856 _uhttps://ebooks.wileyindia.com/product-details/285532
942 _cEBOOK
999 _c1554109
_d1554109